| 000 -LEADER |
| fixed length control field |
02636cam a22004338i 4500 |
| 001 - CONTROL NUMBER |
| control field |
22760996 |
| 005 - DATE AND TIME OF LATEST TRANSACTION |
| control field |
20241028145020.0 |
| 008 - FIXED-LENGTH DATA ELEMENTS--GENERAL INFORMATION |
| fixed length control field |
220822s2022 enk b 000 0 eng |
| 010 ## - LIBRARY OF CONGRESS CONTROL NUMBER |
| LC control number |
2022039641 |
| 020 ## - INTERNATIONAL STANDARD BOOK NUMBER |
| International Standard Book Number |
9781009211093 |
| Qualifying information |
(paperback) |
| 020 ## - INTERNATIONAL STANDARD BOOK NUMBER |
| Canceled/invalid ISBN |
9781009211086 |
| Qualifying information |
(ebook) |
| 040 ## - CATALOGING SOURCE |
| Original cataloging agency |
DNLM/DLC |
| Language of cataloging |
eng |
| Description conventions |
rda |
| Transcribing agency |
DLC |
| 042 ## - AUTHENTICATION CODE |
| Authentication code |
pcc |
| 050 00 - LIBRARY OF CONGRESS CALL NUMBER |
| Classification number |
RA971 |
| 060 00 - NATIONAL LIBRARY OF MEDICINE CALL NUMBER |
| Classification number |
W 84.1 |
| 082 00 - DEWEY DECIMAL CLASSIFICATION NUMBER |
| Classification number |
362.1068 MAK |
| Edition number |
23/eng/20221110 |
| 245 00 - TITLE STATEMENT |
| Title |
Making health systems work in low and middle income countries : |
| Remainder of title |
textbook for public health practitioners / |
| Statement of responsibility, etc. |
edited by Sameen Siddiqi, Awad Mataria, Katherine D. Rouleau, Meesha Iqbal. |
| 263 ## - PROJECTED PUBLICATION DATE |
| Projected publication date |
2211 |
| 264 #1 - PRODUCTION, PUBLICATION, DISTRIBUTION, MANUFACTURE, AND COPYRIGHT NOTICE |
| Place of production, publication, distribution, manufacture |
Cambridge ; |
| -- |
New York, NY : |
| Name of producer, publisher, distributor, manufacturer |
Cambridge University Press, |
| Date of production, publication, distribution, manufacture, or copyright notice |
2022. |
| 300 ## - PHYSICAL DESCRIPTION |
| Extent |
pages cm |
| 336 ## - CONTENT TYPE |
| Content type term |
text |
| Content type code |
txt |
| Source |
rdacontent |
| 337 ## - MEDIA TYPE |
| Media type term |
unmediated |
| Media type code |
n |
| Source |
rdamedia |
| 338 ## - CARRIER TYPE |
| Carrier type term |
volume |
| Carrier type code |
nc |
| Source |
rdacarrier |
| 504 ## - BIBLIOGRAPHY, ETC. NOTE |
| Bibliography, etc. note |
Includes bibliographical references. |
| 520 ## - SUMMARY, ETC. |
| Summary, etc. |
"1. Health Systems from Unfamiliarity to Inevitability During the 1970s and 80s, debates within countries and in many international forums indicated a growing dissatisfaction with the state of health and health services. This was accompanied by a broad recognition that the solution needed to include the development of comprehensive national health systems,[1] a perspective further supported by the Alma Ata Declaration on Primary Health Care as the leading strategy for Health for All.[2] While scholarship on strengthening health systems has continued since, questions of what is a health system, what are its boundaries and components, how it should be analyzed, and how to best improve health system performance remain contested and evolving matters. Early work on health systems was influenced by Milton Roemer's descriptive analysis of national health systems,[3] while the subsequent reports by WHO in 2000 and 2007[4, 5] helped solidify a shared understanding of health system functions, goals and objectives"-- |
| Assigning source |
Provided by publisher. |
| 650 12 - SUBJECT ADDED ENTRY--TOPICAL TERM |
| Topical term or geographic name entry element |
Delivery of Health Care |
| General subdivision |
organization & administration |
| 9 (RLIN) |
126526 |
| 650 22 - SUBJECT ADDED ENTRY--TOPICAL TERM |
| Topical term or geographic name entry element |
Health Policy |
| 9 (RLIN) |
126527 |
| 650 22 - SUBJECT ADDED ENTRY--TOPICAL TERM |
| Topical term or geographic name entry element |
Health Care Reform |
| 9 (RLIN) |
126528 |
| 650 22 - SUBJECT ADDED ENTRY--TOPICAL TERM |
| Topical term or geographic name entry element |
Public Health Administration |
| 9 (RLIN) |
126529 |
| 650 22 - SUBJECT ADDED ENTRY--TOPICAL TERM |
| Topical term or geographic name entry element |
Developing Countries |
| 9 (RLIN) |
12570 |
| 700 1# - ADDED ENTRY--PERSONAL NAME |
| Personal name |
Siddiqi, Sameen, |
| Relator term |
editor. |
| 9 (RLIN) |
126530 |
| 700 1# - ADDED ENTRY--PERSONAL NAME |
| Personal name |
Maṭarīyah, ʻAwaḍ, |
| Relator term |
editor. |
| 9 (RLIN) |
126531 |
| 700 1# - ADDED ENTRY--PERSONAL NAME |
| Personal name |
Rouleau, Katherine D., |
| Relator term |
editor. |
| 9 (RLIN) |
126532 |
| 700 1# - ADDED ENTRY--PERSONAL NAME |
| Personal name |
Iqbal, Meesha, |
| Relator term |
editor. |
| 9 (RLIN) |
126533 |
| 906 ## - LOCAL DATA ELEMENT F, LDF (RLIN) |
| a |
7 |
| b |
cbc |
| c |
orignew |
| d |
1 |
| e |
ecip |
| f |
20 |
| g |
y-gencatlg |
| 942 ## - ADDED ENTRY ELEMENTS (KOHA) |
| Source of classification or shelving scheme |
|
| Koha item type |
Book |